| 000 | 00887nam a22002897a 4500 | ||
|---|---|---|---|
| 003 | CHAP | ||
| 005 | 20220329140513.0 | ||
| 008 | 971013c19631948 r 00010 d | ||
| 010 | _a52965 | ||
| 011 | _a53937 | ||
| 035 | _a58087 | ||
| 040 | _cCHAP | ||
| 082 |
_a150.3 _bW3 |
||
| 100 | 0 | 0 |
_aWarren, Howard C. _9121111 |
| 245 | _aDiccionario de psicología | ||
| 260 |
_aMéxico, D.F. : _bFondo de Cultura Ecoómica, _c1963 (c.1948) |
||
| 300 | _a383 p. | ||
| 590 |
_aBATCH-UPD _b10 _c20130110 _lUCH01 _h0438 |
||
| 590 |
_aBATCH-UPD _b10 _c20130410 _lUCH01 _h0113 |
||
| 590 |
_aBATCH-UPD _b10 _c20130914 _lUCH01 _h1945 |
||
| 590 |
_aCONVERSION _b10 _c20130109 _lUCH01 _h1329 |
||
| 650 | 1 | 4 |
_aPsicología _xDiccionarios. _992599 |
| 901 | _aBK | ||
| 942 | _cLIBRO | ||
| 949 |
_a150.3 W3 _bBC _cC _d-126171 _eC _h4377 _i58087 _mD _si |
||
| 949 |
_a150.3 W3 _bBC _cC _d-126173 _eC _fc.2 _h29598 _i58087 _mD _si |
||
| 999 |
_c52965 _d52965 |
||